000
00304nam a2200109Ia 4500
008
171211s9999 xx 000 0 und d
245
_a
Integrative Health through Music Therapy
245
_c
Suzanne B. Hanser
260
_c
2016
650
_x
music
856
_u
http://down.ebook777.com/059/113738476X.pdf
999
_c
348697
_d
348697